<?xml version="1.0" encoding="UTF-8"?><?xml-stylesheet type="text/xsl" href="static/style.xsl"?><OAI-PMH xmlns="http://www.openarchives.org/OAI/2.0/" xmlns:xsi="http://www.w3.org/2001/XMLSchema-instance" xsi:schemaLocation="http://www.openarchives.org/OAI/2.0/ http://www.openarchives.org/OAI/2.0/OAI-PMH.xsd"><responseDate>2026-04-18T23:27:55Z</responseDate><request verb="GetRecord" identifier="oai:riubu.ubu.es:10259/7913" metadataPrefix="marc">https://riubu.ubu.es/oai/request</request><GetRecord><record><header><identifier>oai:riubu.ubu.es:10259/7913</identifier><datestamp>2023-10-26T00:05:21Z</datestamp><setSpec>com_10259.4_2543</setSpec><setSpec>com_10259_5086</setSpec><setSpec>com_10259_2604</setSpec><setSpec>com_10259_4734</setSpec><setSpec>col_10259.4_2544</setSpec><setSpec>col_10259.4_2544</setSpec><setSpec>col_10259_4735</setSpec></header><metadata><record xmlns="http://www.loc.gov/MARC21/slim" xmlns:doc="http://www.lyncode.com/xoai" xmlns:xsi="http://www.w3.org/2001/XMLSchema-instance" xmlns:dcterms="http://purl.org/dc/terms/" xsi:schemaLocation="http://www.loc.gov/MARC21/slim http://www.loc.gov/standards/marcxml/schema/MARC21slim.xsd">
<leader>00925njm 22002777a 4500</leader>
<datafield tag="042" ind1=" " ind2=" ">
<subfield code="a">dc</subfield>
</datafield>
<datafield tag="720" ind1=" " ind2=" ">
<subfield code="a">Cuesta Gómez, José Luis</subfield>
<subfield code="e">author</subfield>
</datafield>
<datafield tag="720" ind1=" " ind2=" ">
<subfield code="a">Grau Rubio, Rubio</subfield>
<subfield code="e">author</subfield>
</datafield>
<datafield tag="720" ind1=" " ind2=" ">
<subfield code="a">Fernández Hawrylak, María</subfield>
<subfield code="e">author</subfield>
</datafield>
<datafield tag="260" ind1=" " ind2=" ">
<subfield code="c">2013-09</subfield>
</datafield>
<datafield tag="520" ind1=" " ind2=" ">
<subfield code="a">En este artículo se muestran las conclusiones de la investigación «senda hacia la participación», desarrollada por la Asociación Autismo Burgos, analizando los resultados de la aplicación de cuatro instrumentos para evaluar la calidad de vida en una muestra de veinticuatro personas con Trastorno del Espectro del Autismo (tea). Los resultados obtenidos reflejan las dificultades de estos instrumentos para medir la calidad de vida de las personas con tea, limitaciones que nos llevan a construir una guía de indicadores de calidad de vida, en colaboración con los padres de la Asociación. La guía se realizó a través de un grupo focal del que participaron trece padres, dirigido por dos profesionales de la Asociación. El resultado presenta un conjunto de indicadores, tanto personales como de la familia, agrupados en ocho dimensiones: bienestar físico, bienestar emocional, bienestar material, relaciones interpersonales, desarrollo personal, inclusión social, autodeterminación y derechos.</subfield>
</datafield>
<datafield tag="520" ind1=" " ind2=" ">
<subfield code="a">Neste artigo, mostram-se as conclusões da pesquisa «senda para a participação», desenvolvida pela Associação Autismo Burgos, analisando os resultados da aplicação de quatro instrumentos para avaliar a&#xd;
qualidade de vida em uma mostra de vinte e quatro pessoas com Transtorno do Espectro Autista (tea). Os resultados obtidos refletem as dificuldades destes instrumentos para medir a qualidade de vida das pessoas com tea, limitações que nos levam a construir um guia de indicadores de qualidade de vida, em colaboração com os pais da Associação. O guia foi realizado por grupo focal do qual participaram treze país, dirigido por dois profissionais da Associação. O resultado apresenta um conjunto de indicadores,&#xd;
tanto pessoais como da família, agrupados em oito dimensões: bem-estar físico, bem-estar emocional, bem-estar material, relações interpessoais, desenvolvimento pessoal, inclusão social, autodeterminação e direitos.</subfield>
</datafield>
<datafield tag="024" ind2=" " ind1="8">
<subfield code="a">1022-6508</subfield>
</datafield>
<datafield tag="024" ind2=" " ind1="8">
<subfield code="a">http://hdl.handle.net/10259/7913</subfield>
</datafield>
<datafield tag="024" ind2=" " ind1="8">
<subfield code="a">10.35362/rie630563</subfield>
</datafield>
<datafield tag="024" ind2=" " ind1="8">
<subfield code="a">1681-5653</subfield>
</datafield>
<datafield ind1=" " ind2=" " tag="653">
<subfield code="a">Calidad de vida</subfield>
</datafield>
<datafield ind1=" " ind2=" " tag="653">
<subfield code="a">Trastornos del espectro del autismo</subfield>
</datafield>
<datafield ind1=" " ind2=" " tag="653">
<subfield code="a">Trastorno autístico</subfield>
</datafield>
<datafield ind1=" " ind2=" " tag="653">
<subfield code="a">Evaluación de la discapacidad</subfield>
</datafield>
<datafield ind1=" " ind2=" " tag="653">
<subfield code="a">Participación comunitaria</subfield>
</datafield>
<datafield ind1=" " ind2=" " tag="653">
<subfield code="a">Relaciones Profesional-Familia</subfield>
</datafield>
<datafield ind1=" " ind2=" " tag="653">
<subfield code="a">Cqualidade de vida</subfield>
</datafield>
<datafield ind1=" " ind2=" " tag="653">
<subfield code="a">Transtornos do espectro autista</subfield>
</datafield>
<datafield ind1=" " ind2=" " tag="653">
<subfield code="a">Transtorno autista</subfield>
</datafield>
<datafield ind1=" " ind2=" " tag="653">
<subfield code="a">Avaliação da deficiência</subfield>
</datafield>
<datafield ind1=" " ind2=" " tag="653">
<subfield code="a">Participação comunitária</subfield>
</datafield>
<datafield ind1=" " ind2=" " tag="653">
<subfield code="a">Relações profissional-família</subfield>
</datafield>
<datafield tag="245" ind1="0" ind2="0">
<subfield code="a">Calidad de vida: evaluación y trastornos del espectro del autismo</subfield>
</datafield>
</record></metadata></record></GetRecord></OAI-PMH>